100 Premier League Appearances: FC Chelsea - Statistics

General Stats
  • This quiz has been taken 110 times
  • The average score is 6 of 16
Answers on the Grid
Answers color-coded by a green-red scale on the quiz's grid according to % correct below.
Wayne Bridge
Paulo Ferreira
Didier Drogba
Hernan Crespo
John Obi Mikel
Juan Mata
Steve Clarke
Thiago Silva
Mal Donaghy
John Terry
Tammy Abraham
Michael Duberry
William Gallas
Olivier Giroud
Celestine Babayaro
Nemanja Matic
Fernando Torres
Deco
Arjen Robben
Victor Moses
David Luiz
Alex
Jorginho
Andre Schürrle
Petr Cech
Shaun Wright-Phillips
Marcel Desailly
Florent Malouda
Kai Havertz
Salomon Kalou
 
Answer Stats
Answer % Correct
Didier Drogba
95%
John Terry
64%
John Obi Mikel
61%
Petr Cech
58%
David Luiz
46%
Thiago Silva
39%
William Gallas
37%
Paulo Ferreira
31%
Jorginho
29%
Nemanja Matic
24%
Florent Malouda
22%
Marcel Desailly
22%
Fernando Torres
12%
Salomon Kalou
12%
Celestine Babayaro
7%
Steve Clarke
7%
No matching quizzes found
Score Distribution
Percent of People with Each Score
Percentile by Number Answered
Your Score History
You have not taken this quiz